Le joueur français le mieux classé par édition de Ballon d'Or - Statistiques

Statistiques générales
  • Ce quiz a été pris 198 fois
  • Le résultat moyen est 47 sur 63
Statistiques - réponses
Années Classement Postes Joueurs % Correct
2022 1 A Karim Benzema
100%
2021 4 A Karim Benzema
100%
2014 16 A Karim Benzema
100%
2012 22 A Karim Benzema
100%
2024 6 A Kylian Mbappé
100%
2023 3 A Kylian Mbappé
100%
2019 6 A Kylian Mbappé
100%
2017 7 A Kylian Mbappé
100%
2002 4 M Zinédine Zidane
100%
2000 2 M Zinédine Zidane
100%
1999 20 M Zinédine Zidane
100%
1998 1 M Zinédine Zidane
100%
1997 3 M Zinédine Zidane
100%
2018 3 A/M Antoine Griezmann
99%
2016 3 A/M Antoine Griezmann
99%
2025 1 A Ousmane Dembélé
99%
1985 1 M/A Michel Platini
96%
1984 1 M/A Michel Platini
96%
1983 1 M/A Michel Platini
96%
1981 4 M/A Michel Platini
96%
1980 3 M/A Michel Platini
96%
1979 5 M/A Michel Platini
96%
1977 3 M/A Michel Platini
96%
1976 5 M/A Michel Platini
96%
2013 3 A Franck Ribéry
95%
2008 16 A Franck Ribéry
95%
2007 17 A Franck Ribéry
95%
2009 15 A Thierry Henry
94%
2006 3 A Thierry Henry
94%
2005 4 A Thierry Henry
94%
2004 4 A Thierry Henry
94%
2003 2 A Thierry Henry
94%
2001 9 A Thierry Henry
94%
2015 15 M Paul Pogba
93%
1992 19 A Jean-Pierre Papin
89%
1991 1 A Jean-Pierre Papin
89%
1990 11 A Jean-Pierre Papin
89%
1989 10 A Jean-Pierre Papin
89%
1962 11 A Raymond Kopa
82%
1960 6 A Raymond Kopa
82%
1959 2 A Raymond Kopa
82%
1958 1 A Raymond Kopa
82%
1957 4 A Raymond Kopa
82%
1956 3 A Raymond Kopa
82%
1996 7 A Eric Cantona
60%
1993 3 A Eric Cantona
60%
1995 11 M/D Marcel Desailly
53%
1994 9 M/D Marcel Desailly
53%
2011 18 D Eric Abidal
49%
1978 20 D Marius Trésor
42%
1972 27 D Marius Trésor
42%
1982 2 M Alain Giresse
41%
1970 25 D Jean Djorkaeff
31%
1987 12 D Manuel Amoros
25%
1986 5 D Manuel Amoros
25%
1963 17 M Robert Herbin
5%
1975 24 M Jean-Marc Guillou
4%
1974 23 M Jean-Marc Guillou
4%
1967 29 A Nestor Combin
4%
1964 25 A Nestor Combin
4%
1961 32 M/A Lucien Muller
2%
1965 21 A Philippe Gondet
2%
1969 26 M Gilbert Gress
1%
Aucun quiz correspondant
Distribution des résultats
% des personnes avec chaque résultat
Percentile par nombre de réponses
Votre historique - résultats
Vous n’avez pas pris ce quiz